Dopasuj klub NBA do stanu lub prowincji. - Statystyki

Ogólne statystyki
  • Ten quiz został rozwiązany 159 razy
  • Średni wynik to 17 z 30
Statystyki odpowiedzi
Hint Odpowiedź % Poprawnych
New York Knicks Nowy Jork
80%
Los Angeles Lakers Kalifornia
78%
Los Angeles Clippers Kalifornia
76%
Miami Heat Floryda
75%
Brooklyn Nets Nowy Jork
73%
Utah Jazz Utah
70%
Indiana Pacers Indiana
69%
Oklahoma City Thunder Oklahoma
69%
Dallas Mavericks Teksas
69%
Golden State Warriors Kalifornia
68%
Minnesota Timberwolves Minnesota
68%
San Antonio Spurs Teksas
65%
Houston Rockets Teksas
62%
Sacramento Kings Kalifornia
59%
Orlando Magic Floryda
50%
Cleveland Cavaliers Ohio
50%
Phoenix Suns Arizona
49%
Toronto Raptors Ontario
49%
Chicago Bulls Illinois
48%
Denver Nuggets Kolorado
46%
Washington Wizards Dystrykt Kolumbii
44%
Boston Celtics Massachusetts
44%
Philadelphia 76ers Pensylwania
44%
Atlanta Hawks Georgia
40%
New Orleans Pelicans Luizjana
39%
Detroit Pistons Michigan
38%
Charlotte Hornets Karolina Północna
37%
Portland Trail Blazers Oregon
37%
Memphis Grizzlies Tennessee
32%
Milwaukee Bucks Wisconsin
28%
Nie znaleziono quizów pasujących do podanych kryteriów
Rozkład punktacji
Procent ludzi z każdym wynikiem
Percentyl według liczby udzielonych odpowiedzi
Twoja historia wyników
Nie rozwiązałeś tego quizu